Catálogo

La carta de Colón : (Registro nro. 41117)

Detalles MARC
000 -LEADER
fixed length control field 01139cam a2200265 i 4500
001 - CONTROL NUMBER
control field 41117
003 - CONTROL NUMBER IDENTIFIER
control field Mx-PuUPA
005 - DATE AND TIME OF LATEST TRANSACTION
control field 20230515160442.0
008 - FIXED-LENGTH DATA ELEMENTS--GENERAL INFORMATION
fixed length control field 140415s1961 sp h gr 000 0 spa d
040 ## - CATALOGING SOURCE
Original cataloging agency Mx-PuUPA
Language of cataloging spa
Transcribing agency Mx-PuUPA
Modifying agency Mx-PuUPA
Description conventions rda
041 0# - LANGUAGE CODE
Language code of text/sound track or separate title spa
100 1# - MAIN ENTRY--PERSONAL NAME
Personal name Sanz, Carlos,
Dates associated with a name 1903-1979
Relator term autor
9 (RLIN) 12447
245 13 - TITLE STATEMENT
Title La carta de Colón :
Remainder of title 15 febrero - 14 marzo 1499 /
Statement of responsibility, etc. reproducción del texto original español impreso en Barcelona por Pedro Posa ; transcripción y reconstrucción con notas críticas y comentarios, historia del impreso y de su influencia en la historia universal por Carlos Sanz
246 34 - VARYING FORM OF TITLE
Title proper/short title La carta de Colón :
Remainder of title anunciando el descubrimiento del Nuevo Mundo : 15 febrero - 14 marzo 1499
264 #1 - PRODUCTION, PUBLICATION, DISTRIBUTION, MANUFACTURE, AND COPYRIGHT NOTICE
Place of production, publication, distribution, manufacture Madrid :
Name of producer, publisher, distributor, manufacturer Graficas Yagues,
Date of production, publication, distribution, manufacture, or copyright notice 1961
300 ## - PHYSICAL DESCRIPTION
Extent 24 páginas ;
Dimensions 24 cm
336 ## - CONTENT TYPE
Fuente rdacontent
Content type term texto
Content type code txt
337 ## - MEDIA TYPE
Source rdamedia
Media type term sin medio
Media type code n
338 ## - CARRIER TYPE
Source rdacarrier
Carrier type term volumen
Carrier type code nc
651 #4 - SUBJECT ADDED ENTRY--GEOGRAPHIC NAME
Geographic name América
General subdivision Descubrimiento y exploraciones
700 1# - ADDED ENTRY--PERSONAL NAME
Personal name Posa, Pedro,
Relator term paleógrafo
942 ## - ADDED ENTRY ELEMENTS (KOHA)
Source of classification or shelving scheme Dewey Decimal Classification
Koha item type Libro
Classification part 946.042
Item part S194
Existencias
Withdrawn status Lost status Source of classification or shelving scheme Damaged status Not for loan Collection code Home library Current library Shelving location Date acquired Source of acquisition Total Checkouts Full call number Barcode Price effective from Koha item type
    Dewey Decimal Classification   Consulta en sala Especial Biblioteca Karol Wojtyla Biblioteca Karol Wojtyla Sala "Colecciones Especiales" 03/12/2013 Compra   946.042 S194 1961 6204 10/07/2018 Folleto